[Event "Brønshøj Lang Weekend 2017"]
[Site "?"]
[Date "2017.02.10"]
[Round "1"]
[White "Rostgaard, Tobias Valentin"]
[Black "Nielsen, Thomas"]
[Result "1-0"]
[WhiteElo "2353"]
[BlackElo "1922"]
[PlyCount "73"]
[EventDate "2017.??.??"]

1. e4 c6 2. Nf3 d5 3. Nc3 Bg4 4. h3 Bh5 5. exd5 cxd5 6. Bb5+ Nc6 7. g4 Bg6 8.
Ne5 Rc8 9. d4 e6 10. Qe2 Bb4 11. h4 h6 12. Nxg6 fxg6 13. Qxe6+ Nge7 14. O-O Qd7
15. Qxd7+ Kxd7 16. Na4 Rhf8 17. a3 Bd6 18. Nc5+ Bxc5 19. dxc5 a6 20. Ba4 Rf3
21. Be3 Kc7 22. Rfe1 Rcf8 23. Rad1 R8f7 24. Bb3 Rh3 25. Kg2 Rxh4 26. f3 Ne5 27.
Bf2 Nxf3 28. Bg3+ Kc6 29. Re6+ Kxc5 30. Rxe7 Rxe7 31. Rxd5+ Kc6 32. Rd6+ Kc5
33. Kxf3 Rh1 34. Rxg6 Rd7 35. Bf2+ Kb5 36. c4+ Ka5 37. Bb6# 1-0

[Event "Brønshøj Lang Weekend 2017"]
[Site "?"]
[Date "2017.02.10"]
[Round "1"]
[White "Mouritsen, Jan"]
[Black "Haubro, Martin"]
[Result "0-1"]
[WhiteElo "1917"]
[BlackElo "2351"]
[PlyCount "86"]
[EventDate "2017.??.??"]

1. e4 c5 2. Nf3 d6 3. d4 cxd4 4. Nxd4 Nf6 5. Nc3 a6 6. Bg5 Nbd7 7. f4 Qc7 8.
Qf3 h6 9. Bh4 g5 10. fxg5 hxg5 11. Bxg5 Qc5 12. Qe3 Ng4 13. Qd2 Bg7 14. Nf5
Bxc3 15. bxc3 Ndf6 16. Bxf6 Nxf6 17. Ng3 Be6 18. Qd4 Qg5 19. Qd2 Qg6 20. Qf4
Nh5 21. Nxh5 Rxh5 22. Be2 Re5 23. Bf3 Rc8 24. Qe3 f5 25. O-O fxe4 26. Be2 Rec5
27. Rf4 Rxc3 28. Qd4 Rxc2 29. Rxe4 Rc1+ 30. Rxc1 Rxc1+ 31. Bf1 Qf5 32. Qd3 Qc5+
33. Re3 Re1 34. Kf2 Rxe3 35. Qxe3 Qxe3+ 36. Kxe3 Bxa2 37. h4 Bb1 38. g4 Kf7 39.
Kd4 e5+ 40. Kd5 e4 41. Kxd6 Bd3 42. Bg2 e3 43. g5 e2 0-1

[Event "Brønshøj Lang Weekend 2017"]
[Site "?"]
[Date "2017.02.10"]
[Round "1"]
[White "Jacobsen, Mikkel Manosri"]
[Black "Stage-Steffensen, Sander"]
[Result "1-0"]
[WhiteElo "2300"]
[BlackElo "1916"]
[PlyCount "89"]
[EventDate "2017.??.??"]

1. d4 Nf6 2. c4 c5 3. d5 b5 4. cxb5 a6 5. bxa6 Bxa6 6. Nc3 d6 7. g3 Nbd7 8. Bg2
g6 9. Nf3 Bg7 10. O-O O-O 11. Rb1 Qc7 12. Qc2 Nb6 13. Rd1 Rab8 14. b3 Ng4 15.
Bd2 Nd7 16. h3 Nge5 17. Nh2 Nf6 18. f4 Ned7 19. e4 Nh5 20. Be1 Bd4+ 21. Kh1 Qa5
22. Ne2 Bxe2 23. Qxe2 Qb5 24. Qf3 f5 25. exf5 Rxf5 26. Qe4 Ndf6 27. Qe6+ Kf8
28. a4 Nxg3+ 29. Bxg3 Nh5 30. Qe1 Qb4 31. Bh4 Qxe1+ 32. Rxe1 Rxf4 33. Bxe7+ Kf7
34. Bf3 Be5 35. Bg5 Ng3+ 36. Kg2 Rfb4 37. Ng4 Nf5 38. Nxe5+ dxe5 39. d6 h6 40.
Be7 Ke6 41. Be2 Ne3+ 42. Kf2 Rxb3 43. Rxb3 Rxb3 44. Rg1 g5 45. Rg3 1-0

[Event "Brønshøj Lang Weekend 2017"]
[Site "?"]
[Date "2017.02.10"]
[Round "1"]
[White "Marthedal, Anton Mehmet Yildiz"]
[Black "Reimanis, Ritvars"]
[Result "0-1"]
[WhiteElo "1910"]
[BlackElo "2261"]
[PlyCount "64"]
[EventDate "2017.??.??"]

1. d4 Nf6 2. Nf3 d5 3. Bg5 e6 4. e3 Be7 5. Bd3 c5 6. dxc5 Qa5+ 7. Nbd2 Qxc5 8.
O-O Nc6 9. c4 O-O 10. Rc1 Qb6 11. Qb3 h6 12. Bh4 Rd8 13. Qxb6 axb6 14. a3 dxc4
15. Bxc4 g5 16. Bg3 g4 17. Nd4 Nxd4 18. exd4 Rxd4 19. Nb3 Rd7 20. Rfe1 Nd5 21.
Nd4 Bf6 22. Re4 h5 23. h3 gxh3 24. gxh3 Nf4 25. Rxf4 Bxd4 26. Bb5 Rd5 27. Be8
f5 28. Rc7 Be5 29. Bf7+ Kf8 30. Rxc8+ Rxc8 31. Bxe6 Bxf4 32. Bxf4 Rcd8 0-1

[Event "Brønshøj Lang Weekend 2017"]
[Site "?"]
[Date "2017.02.10"]
[Round "1"]
[White "Nielsen, Viktor Haarmark"]
[Black "Hultin Rasmussen, Steen"]
[Result "1-0"]
[WhiteElo "2232"]
[BlackElo "1880"]
[PlyCount "91"]
[EventDate "2017.??.??"]

1. e4 d5 2. exd5 Qxd5 3. Nc3 Qa5 4. d4 Nf6 5. Nf3 c6 6. Ne5 Bf5 7. g4 Be4 8. f3
Bd5 9. Bg2 Nbd7 10. Nxd7 Nxd7 11. O-O Bc4 12. Re1 O-O-O 13. Ne4 e5 14. b3 Be6
15. dxe5 Nxe5 16. Qe2 f6 17. Bd2 Bb4 18. c3 Be7 19. Red1 Rd3 20. Be3 Rhd8 21.
Rxd3 Rxd3 22. Bd4 Qa6 23. Nf2 Rxd4 24. Qxa6 bxa6 25. cxd4 Ng6 26. Nd3 Bd5 27.
f4 Bd6 28. Bxd5 cxd5 29. Rc1+ Kb7 30. f5 Ne7 31. Nc5+ Bxc5 32. Rxc5 Kb6 33. a3
g6 34. fxg6 hxg6 35. h4 Kb7 36. h5 gxh5 37. gxh5 Ng8 38. Rxd5 Kc7 39. Ra5 Kb6
40. Rc5 Kb7 41. d5 Kb6 42. Rc8 Ne7 43. d6 Nxc8 44. d7 Kc7 45. dxc8=Q+ Kxc8 46.
h6 1-0

[Event "Brønshøj Lang Weekend 2017"]
[Site "?"]
[Date "2017.02.10"]
[Round "1"]
[White "Singh, Karamtej"]
[Black "Brinck-Claussen, Bjørn"]
[Result "0-1"]
[WhiteElo "1877"]
[BlackElo "2226"]
[PlyCount "100"]
[EventDate "2017.??.??"]

1. e4 e6 2. d3 d5 3. Nd2 Nf6 4. e5 Nfd7 5. f4 c5 6. g3 f5 7. exf6 Nxf6 8. Bh3
Nc6 9. Ngf3 Bd6 10. O-O O-O 11. Re1 Re8 12. Ne5 Qb6 13. c3 c4+ 14. d4 Qc7 15.
b3 cxb3 16. axb3 b5 17. Bb2 Qb6 18. Rc1 a5 19. Nxc6 Qxc6 20. c4 Qb7 21. c5 Bb8
22. c6 Qf7 23. Qe2 b4 24. Qg2 Ba6 25. Re3 Ra7 26. Rce1 Rae7 27. Qf3 Bb5 28. Rc1
Rc8 29. Ra1 Bc7 30. Rae1 Rce8 31. Rc1 Bb6 32. Bf1 Bxf1 33. Qxf1 Bc7 34. Rce1
Ng4 35. R3e2 Qf5 36. Qf3 Nf6 37. Kg2 Bd6 38. h3 Rc8 39. Ra1 Rxc6 40. Rxa5 Rc2
41. Nc4 Rxe2+ 42. Qxe2 Qe4+ 43. Qxe4 Nxe4 44. Nxd6 Nxd6 45. Rc5 Ne4 46. Rc2 Ra7
47. Bc1 Ra1 48. Bd2 Rb1 49. Bxb4 Rxb3 50. g4 Rxb4 0-1

[Event "Brønshøj Lang Weekend 2017"]
[Site "?"]
[Date "2017.02.10"]
[Round "1"]
[White "Thorsbro, Peter"]
[Black "Kokholm, Daniel"]
[Result "1/2-1/2"]
[WhiteElo "2207"]
[BlackElo "1858"]
[PlyCount "100"]
[EventDate "2017.??.??"]

1. d4 d6 2. c4 e5 3. dxe5 dxe5 4. Qxd8+ Kxd8 5. Nf3 f6 6. e3 c6 7. Be2 Be6 8.
O-O Nd7 9. b3 Kc7 10. Bb2 g5 11. Nc3 Nh6 12. Rad1 Nf7 13. Rd2 Rd8 14. Rfd1 Be7
15. Ne1 a5 16. Nc2 Nb8 17. Rxd8 Rxd8 18. Rxd8 Kxd8 19. Bd3 h6 20. Na4 Nd7 21.
Bc3 b6 22. Kf1 Nc5 23. Nxc5 Bxc5 24. f4 Bd6 25. f5 Bd7 26. Ke2 h5 27. h3 Nh6
28. e4 h4 29. Bd2 Be8 30. Be3 Kc7 31. Kd2 Bh5 32. Be2 Be8 33. Ne1 Bb4+ 34. Kd1
Bxe1 35. Kxe1 c5 36. Bd3 Nf7 37. Bd2 Bc6 38. Ke2 Nd6 39. Ke3 Kd8 40. Be1 Ke7
41. g3 hxg3 42. Bxg3 Kf8 43. Be1 Kg7 44. a3 Kf7 45. b4 axb4 46. axb4 Nb7 47.
Bd2 Ke7 48. Bc2 Kf8 49. Bd3 Ke7 50. Kf3 Kf7 1/2-1/2

[Event "Brønshøj Lang Weekend 2017"]
[Site "?"]
[Date "2017.02.10"]
[Round "1"]
[White "Andersen, Daniel"]
[Black "Akdag, Dara Sevkan"]
[Result "0-1"]
[WhiteElo "1858"]
[BlackElo "2188"]
[PlyCount "86"]
[EventDate "2017.??.??"]

1. c4 Nf6 2. Nc3 c6 3. e4 d5 4. exd5 cxd5 5. d4 g6 6. Qb3 Bg7 7. cxd5 O-O 8.
Be2 Nbd7 9. Bf3 Nb6 10. h3 Bf5 11. Nge2 Qd7 12. O-O Bd3 13. Re1 Bc4 14. Qb4
Nfxd5 15. Nxd5 Bxd5 16. Bxd5 Nxd5 17. Qb3 Rfc8 18. Be3 a5 19. Rac1 a4 20. Qd3
e6 21. a3 b5 22. Rxc8+ Rxc8 23. Rc1 Rb8 24. Nc3 b4 25. Nxd5 exd5 26. Bf4 Rc8
27. Rxc8+ Qxc8 28. axb4 Qc4 29. Qxc4 dxc4 30. Be3 Kf8 31. Kf1 Ke8 32. Ke2 Kd7
33. Kd2 Kc6 34. Kc3 Kb5 35. Bf4 Bf8 36. d5 Bxb4+ 37. Kd4 Bc5+ 38. Ke5 Bxf2 39.
Kf6 Bd4+ 40. Ke7 Bxb2 41. d6 Bd4 42. d7 Bb6 43. Be3 Bxe3 0-1

[Event "Brønshøj Lang Weekend 2017"]
[Site "?"]
[Date "2017.02.10"]
[Round "1"]
[White "Møller, Arne Vagn"]
[Black "Christensen, Lasse"]
[Result "0-1"]
[WhiteElo "1852"]
[BlackElo "2163"]
[PlyCount "120"]
[EventDate "2017.??.??"]

1. e4 c5 2. b3 Nc6 3. Bb2 d6 4. Nf3 e6 5. Be2 Nf6 6. d3 Be7 7. O-O O-O 8. a4
Ne8 9. Nbd2 Bf6 10. Bxf6 Qxf6 11. Nc4 d5 12. exd5 exd5 13. Ne3 Be6 14. Re1 Nc7
15. Nf1 b6 16. Ng3 d4 17. Qd2 h6 18. Nh5 Qd8 19. Qf4 Nd5 20. Qg3 g6 21. Bf1 Qb8
22. Ne5 Nxe5 23. Rxe5 Kh8 24. Nf4 Nxf4 25. Qxf4 Kg7 26. Qe4 Qd6 27. Re1 Rae8
28. g3 Bd7 29. Bg2 Rxe5 30. Qxe5+ Qxe5 31. Rxe5 Re8 32. Rxe8 Bxe8 33. Kf1 Kf6
34. Ke2 Ke5 35. f4+ Kd6 36. Kd2 g5 37. fxg5 hxg5 38. h4 gxh4 39. gxh4 Ke5 40.
Ke2 Kf4 41. Bf3 f6 42. Kf2 Bd7 43. h5 Kg5 44. Kg3 Be8 45. h6 Kxh6 46. Kf4 Bd7
47. Be2 Kg7 48. Bf3 Kf8 49. Be2 Ke7 50. Bf3 Kd6 51. Be2 a5 52. Bf3 b5 53. axb5
Bxb5 54. Kf5 Ke7 55. Be2 Bd7+ 56. Kf4 Kd6 57. Bf3 Be6 58. Be2 Kc6 59. Bg4 Bxg4
60. Kxg4 Kd6 0-1

[Event "Brønshøj Lang Weekend 2017"]
[Site "?"]
[Date "2017.02.10"]
[Round "1"]
[White "Nielsen, Thomas Bach"]
[Black "Marshall, Michael O"]
[Result "1-0"]
[WhiteElo "2163"]
[BlackElo "1832"]
[PlyCount "93"]
[EventDate "2017.??.??"]

1. d4 d5 2. c4 e6 3. Nc3 c5 4. cxd5 cxd4 5. Qa4+ Bd7 6. Qxd4 exd5 7. Qxd5 Nc6
8. Nf3 Nf6 9. Qd1 Bc5 10. e3 Qe7 11. Be2 O-O-O 12. O-O g5 13. b4 Bxb4 14. Bb2
g4 15. Nd4 Rhg8 16. Ncb5 Bc5 17. Rc1 Kb8 18. Qc2 Rg5 19. Nb3 Ne4 20. Qc4 Ne5
21. Bxe5+ Rxe5 22. Nxc5 Nxc5 23. Nd4 Rc8 24. Qb4 h5 25. Rb1 h4 26. Rfc1 Rc7 27.
Nb5 Bxb5 28. Bxb5 g3 29. fxg3 hxg3 30. hxg3 Rxe3 31. Qf4 Re5 32. Rf1 Ne4 33.
Rbc1 Rxb5 34. Rxc7 Qxc7 35. Qxe4 Qc5+ 36. Kh2 Qh5+ 37. Qh4 Qd5 38. Rxf7 Qh5 39.
Kh3 Qxh4+ 40. gxh4 Rb2 41. h5 Rxa2 42. h6 Ra6 43. h7 Rh6+ 44. Kg4 a5 45. Rf8+
Ka7 46. h8=Q Rxh8 47. Rxh8 1-0

[Event "Brønshøj Lang Weekend 2017"]
[Site "?"]
[Date "2017.02.10"]
[Round "1"]
[White "Nielsen, Henrik Wendelbo"]
[Black "Moe, Mogens"]
[Result "0-1"]
[WhiteElo "1830"]
[BlackElo "2162"]
[PlyCount "64"]
[EventDate "2017.??.??"]

1. d4 Nf6 2. c4 g6 3. Nc3 d5 4. cxd5 Nxd5 5. e4 Nxc3 6. bxc3 Bg7 7. Bc4 c5 8.
Ne2 O-O 9. O-O Qc7 10. d5 Nd7 11. f4 Nb6 12. Bd3 Rd8 13. Bd2 c4 14. Bc2 Qc5+
15. Kh1 f5 16. Qc1 fxe4 17. Be3 Qa5 18. Bxe4 Nxd5 19. Bd4 Bg4 20. Bf3 Bf5 21.
Bxg7 Kxg7 22. Nd4 Qxc3 23. Nxf5+ gxf5 24. Qxc3+ Nxc3 25. Bxb7 Rab8 26. Bf3 Rb2
27. Rfe1 Kf6 28. Rac1 Rd3 29. a4 Ra2 30. Bc6 Rad2 31. Bb5 Nxb5 32. axb5 c3 0-1

[Event "Brønshøj Lang Weekend 2017"]
[Site "?"]
[Date "2017.02.10"]
[Round "1"]
[White "Pedersen, Nicolai Kvist Brondt"]
[Black "Larsen, Preben R"]
[Result "1-0"]
[WhiteElo "2161"]
[BlackElo "1823"]
[PlyCount "61"]
[EventDate "2017.??.??"]

1. c4 c5 2. Nf3 Nc6 3. Nc3 Nf6 4. g3 g6 5. Bg2 Bg7 6. d4 cxd4 7. Nxd4 Nxd4 8.
Qxd4 d6 9. O-O O-O 10. Bg5 Qa5 11. Qd2 Qd8 12. Rac1 Rb8 13. Nd5 Nxd5 14. cxd5
b6 15. Rc2 Bd7 16. Rfc1 Rc8 17. b3 Rxc2 18. Qxc2 h6 19. Be3 Qa8 20. Qc7 Rd8 21.
Be4 Kf8 22. Bd3 Ke8 23. Ba6 Qxd5 24. Qxa7 Bc6 25. Rxc6 Qd1+ 26. Kg2 Qd5+ 27. f3
Qxc6 28. Bxb6 Qa8 29. Qc7 Rb8 30. Bb5+ Kf8 31. Bc6 1-0

[Event "Brønshøj Lang Weekend 2017"]
[Site "?"]
[Date "2017.02.10"]
[Round "1"]
[White "Liu, Casper Yukun"]
[Black "Petersen, Steen Brustrup"]
[Result "0-1"]
[WhiteElo "1765"]
[BlackElo "2138"]
[PlyCount "62"]
[EventDate "2017.??.??"]

1. e4 e5 2. Nf3 Nc6 3. Bc4 Nf6 4. d4 exd4 5. O-O Nxe4 6. Nxd4 d5 7. Re1 Bc5 8.
Bxd5 Nxd4 9. Rxe4+ Ne6 10. Nc3 c6 11. Bc4 Qxd1+ 12. Nxd1 b5 13. b4 bxc4 14.
bxc5 Ba6 15. Ne3 O-O-O 16. Ba3 Rd4 17. Re5 Rhd8 18. Re1 g6 19. Bb2 c3 20. Bxc3
Ra4 21. Ra1 Nf4 22. Be1 Ne2+ 23. Kh1 f5 24. a3 Re4 25. Rxe4 fxe4 26. Bb4 Rf8
27. Rf1 Ng3+ 28. hxg3 Bxf1 29. Nxf1 Rxf2 30. Bd2 Rxf1+ 31. Kh2 Rf2 0-1

[Event "Brønshøj Lang Weekend 2017"]
[Site "?"]
[Date "2017.02.10"]
[Round "1"]
[White "Andersen, Rune"]
[Black "Kristensen, Lars Østergård"]
[Result "1-0"]
[WhiteElo "2119"]
[BlackElo "1709"]
[PlyCount "73"]
[EventDate "2017.??.??"]

1. d4 Nf6 2. c4 d6 3. Nc3 Nbd7 4. e4 e5 5. d5 Be7 6. Nge2 O-O 7. Ng3 Re8 8. Be2
c5 9. h4 Nf8 10. h5 h6 11. Be3 Bd7 12. Nf5 Bxf5 13. exf5 N6h7 14. Qd2 Bg5 15.
O-O-O a6 16. Rde1 Qa5 17. Bxg5 Nxg5 18. f4 exf4 19. Qxf4 Qd8 20. Bd1 Qf6 21.
Ba4 Re7 22. Rhf1 Nd7 23. Rxe7 Ne5 24. Rxe5 Qxe5 25. Qxe5 dxe5 26. f6 e4 27. Re1
b5 28. cxb5 axb5 29. Bxb5 Rd8 30. Bc6 gxf6 31. Nxe4 Rb8 32. Nxf6+ Kg7 33. Ne4
Rb4 34. Nxg5 hxg5 35. d6 Rc4+ 36. Kb1 Rd4 37. d7 1-0

[Event "Brønshøj Lang Weekend 2017"]
[Site "?"]
[Date "2017.02.10"]
[Round "1"]
[White "Olsen, Bjørn"]
[Black "Kragh, Niels Kristian Ø"]
[Result "1/2-1/2"]
[WhiteElo "1696"]
[BlackElo "2117"]
[PlyCount "66"]
[EventDate "2017.??.??"]

1. d4 d5 2. c4 e6 3. Nc3 Be7 4. Bf4 Nf6 5. e3 O-O 6. Nf3 b6 7. cxd5 Nxd5 8. Bg3
Bb7 9. Bd3 c5 10. O-O Nc6 11. Rc1 cxd4 12. Nxd5 Qxd5 13. Bc4 Qh5 14. Nxd4 Qxd1
15. Rfxd1 Rfd8 16. Nxc6 Bxc6 17. Be5 b5 18. Be2 Rxd1+ 19. Rxd1 f6 20. Bd6 Bxd6
21. Rxd6 Bd5 22. Bxb5 Rc8 23. h3 Rc1+ 24. Kh2 Rc2 25. Kg3 Rxb2 26. a4 h5 27. h4
g5 28. Rd8+ Kg7 29. f3 gxh4+ 30. Kh3 Rb3 31. Rd7+ Kh6 32. Rxa7 Rxe3 33. Kxh4
Ra3 1/2-1/2

[Event "Brønshøj Lang Weekend 2017"]
[Site "?"]
[Date "2017.02.10"]
[Round "1"]
[White "Andersen, Søren Mikkel"]
[Black "Jørgensen, Orla Eilegaard"]
[Result "1-0"]
[WhiteElo "2088"]
[BlackElo "1678"]
[PlyCount "39"]
[EventDate "2017.??.??"]

1. d4 d5 2. c4 e6 3. Nc3 Nf6 4. Bg5 Be7 5. e3 O-O 6. Nf3 Nbd7 7. Qc2 c5 8. Rd1
b6 9. dxc5 bxc5 10. cxd5 exd5 11. Nxd5 Nxd5 12. Rxd5 Bxg5 13. Rxg5 Bb7 14. Qc3
Nf6 15. Bc4 g6 16. Nd2 h6 17. Rxg6+ Kh7 18. Rxf6 Bxg2 19. Bd3+ Kg7 20. Rg1 1-0

[Event "Brønshøj Lang Weekend 2017"]
[Site "?"]
[Date "2017.02.10"]
[Round "1"]
[White "Koch-Müller, Oscar"]
[Black "Christensen, Esben"]
[Result "0-1"]
[WhiteElo "1644"]
[BlackElo "2055"]
[PlyCount "136"]
[EventDate "2017.??.??"]

1. c4 Nf6 2. Nc3 g6 3. Nf3 d6 4. g3 Bg7 5. Bg2 c5 6. O-O O-O 7. d4 Nc6 8. dxc5
dxc5 9. Na4 Qc7 10. Nxc5 Rd8 11. Qc2 Nb4 12. Qa4 Qxc5 13. Be3 Qxc4 14. Rac1
Qxa2 15. Qxb4 Nd5 16. Rfd1 Be6 17. Qxb7 Qxb2 18. Qxb2 Bxb2 19. Rb1 Nxe3 20.
Rxd8+ Rxd8 21. fxe3 Bf6 22. Rb7 a5 23. Ra7 Rd1+ 24. Kf2 Ra1 25. Nd4 Bc4 26. Bc6
Ra2 27. Kf3 e5 28. Bb5 Bxb5 29. Nxb5 h5 30. Nc3 Ra1 31. Ne4 Bg7 32. Nc5 Ra3 33.
Nb7 a4 34. Nc5 Bh6 35. Rxa4 Rxe3+ 36. Kf2 Rc3 37. Nd3 f6 38. Ra7 Bf8 39. Rb7
Rc6 40. Kf3 Bd6 41. h3 f5 42. e4 Rc3 43. Ke3 f4+ 44. gxf4 exf4+ 45. Kd4 Ra3 46.
e5 Ra4+ 47. Kc3 Ba3 48. e6 Re4 49. Rf7 Bd6 50. Rf6 Kg7 51. Rf7+ Kh6 52. h4 Rxe6
53. Nxf4 Re4 54. Nd3 Rxh4 55. Kd2 Re4 56. Nf2 Re6 57. Kd3 h4 58. Ne4 Kh5 59.
Nxd6 Rxd6+ 60. Ke2 Kg4 61. Rf1 Re6+ 62. Kf2 Rf6+ 63. Kg2 Rxf1 64. Kxf1 Kf3 65.
Kg1 g5 66. Kh1 g4 67. Kg1 g3 68. Kh1 g2+ 0-1

[Event "Brønshøj Lang Weekend 2017"]
[Site "?"]
[Date "2017.02.10"]
[Round "1"]
[White "Eiholt, Bjarne"]
[Black "Frank-Nielsen, Marie"]
[Result "1/2-1/2"]
[WhiteElo "1589"]
[BlackElo "1958"]
[PlyCount "171"]
[EventDate "2017.??.??"]

1. d4 Nf6 2. c4 g6 3. Nc3 Bg7 4. Bf4 O-O 5. Nf3 d6 6. h3 Nbd7 7. e3 c5 8. Be2
b6 9. O-O Bb7 10. Rc1 cxd4 11. exd4 Re8 12. b4 Rc8 13. Re1 e5 14. Bh2 Bxf3 15.
Bxf3 Rxc4 16. Nb5 Rxc1 17. Qxc1 Qb8 18. dxe5 Nxe5 19. Be2 a6 20. Nd4 b5 21. Nc6
Qb6 22. Nxe5 dxe5 23. Rd1 Ne4 24. Rf1 Qe6 25. Qc2 Nf6 26. Rc1 Bh6 27. Rd1 Bf8
28. a3 h5 29. Rc1 Bh6 30. Rd1 Bg7 31. Rc1 Nd5 32. Qc6 Bh6 33. Qxe6 Rxe6 34. Rc5
Nf4 35. Kf1 Bf8 36. Rc8 Nxe2 37. Kxe2 Kg7 38. Rd8 Be7 39. Rd5 f6 40. f3 Kf7 41.
Kd3 Rc6 42. Rd7 Ke6 43. Ra7 g5 44. g4 hxg4 45. hxg4 Bd6 46. Bg1 Be7 47. Bh2 Bd6
48. Bg1 Bc7 49. Bc5 Bd6 50. Bf2 Bb8 51. Ra8 Bd6 52. Bg1 Be7 53. Ra7 Bd6 54. Bf2
Kd5 55. Bg1 Rc1 56. Bf2 Rc6 57. Bg1 Bc7 58. Bf2 Ke6 59. Bc5 f5 60. gxf5+ Kxf5
61. Ra8 Bd6 62. Bf2 Be7 63. Ra7 Bf6 64. Bc5 Kf4 65. Ke2 Kf5 66. Kd3 Ke6 67. Ke4
Bd8 68. Rh7 Rc7 69. Rh6+ Bf6 70. Kd3 Rd7+ 71. Ke3 Rd1 72. Rh7 Re1+ 73. Kf2 Ra1
74. Ra7 Rxa3 75. Ra8 Ra1 76. Ke2 Kf7 77. Ra7+ Kg6 78. Ra8 Ra2+ 79. Ke3 Kf7 80.
Ra7+ Ke8 81. Ke4 Re2+ 82. Kd3 Ra2 83. Ke4 Re2+ 84. Kd3 Ra2 85. Ke4 Re2+ 86. Kd3
1/2-1/2

[Event "Brønshøj Lang Weekend 2017"]
[Site "?"]
[Date "2017.02.10"]
[Round "1"]
[White "Thomsen, Kim R"]
[Black "Vinter, Christoffer"]
[Result "1-0"]
[WhiteElo "1957"]
[BlackElo "1589"]
[PlyCount "49"]
[EventDate "2017.??.??"]

1. d4 Nf6 2. c4 g6 3. Nc3 Bg7 4. e4 d6 5. Nf3 O-O 6. Be2 Nc6 7. d5 Nb4 8. a3
Na6 9. Qc2 e5 10. O-O Nd7 11. Bg5 f6 12. Bh4 Qe8 13. Ne1 g5 14. Bg3 Qg6 15. b4
c5 16. dxc6 bxc6 17. Rd1 h5 18. f3 Bb7 19. Rxd6 Rf7 20. c5 Bf8 21. Rd2 Rh7 22.
Qb3+ Kh8 23. Nc2 Nc7 24. Rfd1 Bc8 25. Qa4 1-0

[Event "Brønshøj Lang Weekend 2017"]
[Site "?"]
[Date "2017.02.10"]
[Round "1"]
[White "Dupont, Michael Kim"]
[Black "Tandrup, Michael"]
[Result "0-1"]
[WhiteElo "1548"]
[BlackElo "1930"]
[PlyCount "64"]
[EventDate "2017.??.??"]

1. e4 d5 2. Nf3 dxe4 3. Ng5 Nf6 4. Bc4 e6 5. Nc3 Be7 6. Ngxe4 Nxe4 7. Nxe4 Nd7
8. O-O O-O 9. d4 c5 10. Be3 cxd4 11. Bxd4 Nf6 12. Nxf6+ Bxf6 13. Bxf6 Qxf6 14.
c3 Rd8 15. Qc2 Bd7 16. Rad1 Bc6 17. Rxd8+ Rxd8 18. Rd1 Rc8 19. Bd3 Qh4 20. f3
f5 21. Qf2 Qa4 22. b3 Qa5 23. c4 Rd8 24. Qe2 Kf7 25. Bb1 Qc5+ 26. Kf1 Rxd1+ 27.
Qxd1 Qe3 28. Qd3 Qf4 29. h3 g6 30. Kf2 Qh4+ 31. Ke3 Qe1+ 32. Kf4 e5+ 0-1

[Event "Brønshøj Lang Weekend 2017"]
[Site "?"]
[Date "2017.02.11"]
[Round "2"]
[White "Moe, Mogens"]
[Black "Rostgaard, Tobias Valentin"]
[Result "1/2-1/2"]
[WhiteElo "2162"]
[BlackElo "2353"]
[PlyCount "71"]
[EventDate "2017.??.??"]

1. e4 c5 2. Nf3 g6 3. d4 cxd4 4. Nxd4 Nf6 5. Nc3 d6 6. Be2 Bg7 7. O-O O-O 8.
Be3 Nc6 9. h3 Bd7 10. Qd2 Rc8 11. Rad1 a6 12. f4 b5 13. a3 Na5 14. e5 Ne8 15.
Nf3 Be6 16. Ng5 Bc4 17. b3 Bxe2 18. Nxe2 Qc7 19. e6 f6 20. Nf3 Qxc2 21. Ned4
Qxd2 22. Bxd2 Nb7 23. Rc1 Nc7 24. f5 Nd5 25. b4 Nb6 26. Rc6 Rxc6 27. Nxc6 Re8
28. Nfd4 Nc4 29. Bc1 d5 30. g4 Nbd6 31. Rd1 Bf8 32. Nb3 gxf5 33. Rxd5 Rc8 34.
Rc5 fxg4 35. hxg4 Kh8 36. Ncd4 1/2-1/2

[Event "Brønshøj Lang Weekend 2017"]
[Site "?"]
[Date "2017.02.11"]
[Round "2"]
[White "Haubro, Martin"]
[Black "Nielsen, Thomas Bach"]
[Result "1-0"]
[WhiteElo "2351"]
[BlackElo "2163"]
[PlyCount "101"]
[EventDate "2017.??.??"]

1. d4 Nf6 2. Nf3 c5 3. d5 d6 4. Nc3 g6 5. e4 Bg7 6. Bb5+ Nfd7 7. a4 Na6 8. O-O
Nc7 9. Be2 Rb8 10. Bf4 b6 11. Re1 O-O 12. Qd2 a6 13. Rab1 b5 14. axb5 axb5 15.
b4 Rb6 16. Bf1 c4 17. Be3 Rb7 18. Nd4 e5 19. dxe6 fxe6 20. Rbd1 Ne5 21. h3 Qe8
22. g3 Nf7 23. Bg2 e5 24. Nde2 Be6 25. Ra1 Qd7 26. Kh2 Rbb8 27. Ra7 Nd8 28. Nd5
Bxd5 29. exd5 Rb7 30. Rea1 Ne8 31. Nc3 Nf6 32. R1a5 Rxa7 33. Rxa7 Qe8 34. Ra6
Nf7 35. Rb6 e4 36. Nxb5 Qe5 37. Nc7 Qh5 38. Ne6 Ng4+ 39. Kg1 Nxe3 40. Qxe3 Ra8
41. Qxe4 c3 42. Qf3 Qe5 43. Rb7 Bf6 44. Kh2 h5 45. Qe4 Qxe4 46. Bxe4 g5 47. b5
Ne5 48. b6 g4 49. Rc7 gxh3 50. b7 Ng4+ 51. Kxh3 1-0

[Event "Brønshøj Lang Weekend 2017"]
[Site "?"]
[Date "2017.02.11"]
[Round "2"]
[White "Petersen, Steen Brustrup"]
[Black "Jacobsen, Mikkel Manosri"]
[Result "0-1"]
[WhiteElo "2138"]
[BlackElo "2300"]
[PlyCount "118"]
[EventDate "2017.??.??"]

1. e4 c5 2. Nf3 d6 3. d4 cxd4 4. Nxd4 e6 5. Nc3 a6 6. f4 Nf6 7. Qf3 Nc6 8. Be3
Bd7 9. g4 Qa5 10. Nb3 Qc7 11. g5 Ng8 12. a4 Na5 13. Nd2 Ne7 14. Qf2 Nc8 15. Bd3
g6 16. Bd4 Rg8 17. f5 Nc6 18. fxg6 Rxg6 19. Rf1 Nxd4 20. Qxf7+ Kd8 21. Qxf8+
Be8 22. e5 d5 23. Qf4 Qc5 24. Nb3 Nxb3 25. cxb3 Ne7 26. b4 Qb6 27. a5 Qc7 28.
Bxg6 Nxg6 29. Qf6+ Kd7 30. Qg7+ Ne7 31. Na4 Qc6 32. Nb6+ Kd8 33. Nxa8 d4 34.
Rd1 Qe4+ 35. Kd2 Qe3+ 36. Kc2 Bg6+ 37. Qxg6 Nxg6 38. Rxd4+ Ke7 39. Rfd1 Nxe5
40. Nb6 Nc6 41. Rc4 Qxg5 42. Nc8+ Kf8 43. Nd6 e5 44. Kb1 Nd4 45. Nxb7 Qf5+ 46.
Ka2 Qf7 47. Rdc1 Nb5 48. Nc5 Nd6 49. b3 Nxc4 50. bxc4 Qf2+ 51. Kb3 e4 52. Rc3
e3 53. Nd3 Qxh2 54. c5 Ke7 55. c6 Kd8 56. c7+ Kc8 57. Nc5 e2 58. Nd3 Qg1 59.
Rc1 Qxc1 0-1

[Event "Brønshøj Lang Weekend"]
[Site "?"]
[Date "2017.02.11"]
[Round "2"]
[White "Christensen, Esben"]
[Black "Nielsen, Viktor Haarmark"]
[Result "0-1"]
[WhiteElo "2055"]
[BlackElo "2232"]
[PlyCount "126"]
[EventDate "2017.02.11"]

1. e4 c5 2. Nf3 Nc6 3. d4 cxd4 4. Nxd4 Nf6 5. Nc3 e5 6. Ndb5 d6 7. a4 a6 8. Na3
Bg4 9. Qd2 Be6 10. Bc4 Rc8 11. O-O Be7 12. Re1 Nd4 13. Qd3 Bxc4 14. Nxc4 Rxc4
15. Qxc4 Nxc2 16. Bg5 Nxa1 17. Bxf6 Bxf6 18. Rxa1 O-O 19. Rd1 Qd7 20. Qb4 Rd8
21. g3 Be7 22. Nd5 Bf8 23. Kg2 b5 24. a5 Qb7 25. Rc1 Rc8 26. Rxc8 Qxc8 27. Qc3
Qc5 28. Nb4 Qxc3 29. bxc3 Be7 30. Nxa6 Bd8 31. Nb4 Bxa5 32. Nd5 Kf8 33. f4 exf4
34. gxf4 Ke8 35. Kf3 Kd7 36. Ke3 Bd8 37. Kd3 Ke6 38. Ne3 Bb6 39. Nd5 Bg1 40. h3
Kd7 41. c4 bxc4+ 42. Kxc4 h5 43. Kd3 Bf2 44. Ke2 Bh4 45. Kf3 Kc6 46. f5 Bg5 47.
Nb4+ Kc5 48. Nd5 Kd4 49. Nc7 Bf6 50. Nb5+ Kc5 51. Nc7 Kc4 52. Nd5 Be5 53. Ne3+
Kd3 54. Ng2 Kd2 55. Kf2 Kd3 56. Kf3 g5 57. fxg6 fxg6 58. Nh4 g5 59. Nf5 Kd2 60.
Ne3 Ke1 61. h4 g4+ 62. Nxg4 hxg4+ 63. Kxg4 Ke2 0-1

[Event "Brønshøj Lang Weekend 2017"]
[Site "?"]
[Date "2017.02.11"]
[Round "2"]
[White "Brinck-Claussen, Bjørn"]
[Black "Andersen, Rune"]
[Result "0-1"]
[WhiteElo "2226"]
[BlackElo "2119"]
[PlyCount "78"]
[EventDate "2017.??.??"]

1. d4 d5 2. c4 c6 3. Nf3 Nf6 4. Nc3 e6 5. Bg5 h6 6. Bxf6 Qxf6 7. e3 Nd7 8. Bd3
g6 9. O-O Bg7 10. e4 dxc4 11. Bxc4 e5 12. d5 O-O 13. Qe2 Nb6 14. Nd2 Nxc4 15.
Nxc4 Kh7 16. Rfd1 Qg5 17. dxc6 bxc6 18. Rd6 Bh3 19. Qf3 Be6 20. Rxc6 Rab8 21.
b3 Rbc8 22. Rxc8 Rxc8 23. Qd3 Rd8 24. Qe2 Bh3 25. Ne3 Rd4 26. Qf3 Be6 27. Nb5
Rd7 28. Rc1 Qd8 29. h3 Qa5 30. Nc3 Rd3 31. Na4 Bf8 32. Rc6 Kg8 33. Rxe6 fxe6
34. Qf6 Bg7 35. Qxe6+ Kh7 36. Qf7 Rd8 37. Nd5 Rf8 38. Qb7 Qe1+ 39. Kh2 Rxf2 0-1

[Event "Brønshøj Lang Weekend 2017"]
[Site "?"]
[Date "2017.02.11"]
[Round "2"]
[White "Akdag, Dara Sevkan"]
[Black "Andersen, Søren Mikkel"]
[Result "1-0"]
[WhiteElo "2188"]
[BlackElo "2088"]
[PlyCount "85"]
[EventDate "2017.??.??"]

1. d4 d5 2. Nc3 Nf6 3. Bf4 Bf5 4. f3 e6 5. g4 Bg6 6. a3 Bd6 7. Bg3 Bxg3+ 8.
hxg3 c5 9. e3 cxd4 10. Bb5+ Nc6 11. exd4 Qb6 12. Nge2 O-O-O 13. Qd2 Kb8 14.
Bxc6 Qxc6 15. Nf4 Nd7 16. O-O-O Ka8 17. b3 Rc8 18. Kb2 a6 19. Rh2 Rc7 20. Nxg6
fxg6 21. Na2 Rhc8 22. Nb4 Qd6 23. Qf4 Qb6 24. Rd3 Qb5 25. Qe3 a5 26. Na2 Nb6
27. Kc1 a4 28. Nc3 Qd7 29. Kb2 h6 30. Re2 Rc6 31. Na2 axb3 32. cxb3 Re8 33. Nb4
Rc7 34. Rc3 Rxc3 35. Qxc3 Qb5 36. Qd3 Qxd3 37. Nxd3 Nd7 38. Nf4 g5 39. Nxd5 Kb8
40. Nc3 Rf8 41. Re3 Nb6 42. Rxe6 Kc7 43. Nb5+ 1-0